| 000 | 00367nam a2200145Ia 4500 | ||
|---|---|---|---|
| 008 | 230917s9999||||xx |||||||||||||| ||und|| | ||
| 040 |
_e121950 _aMAIN |
||
| 041 | _aEnglish | ||
| 082 | _a338.4791 S28I | ||
| 100 | _aSajnani, Manohar | ||
| 245 | 0 | _aIndian tourism business: A legal perspective | |
| 260 |
_aNew Delhi _bGyan _c2008 |
||
| 300 | _a267 p. | ||
| 942 | _cBK | ||
| 999 |
_c146906 _d146906 |
||